LIBRARY ONLINE CATALOGUE

!SO 14001 Environmental management systems : (Record no. 15282)

MARC details
000 -LEADER
fixed length control field 00723cam a22002052 4500
001 - CONTROL NUMBER
control field 0000023513
005 - DATE AND TIME OF LATEST TRANSACTION
control field 20151217161203.0
008 - FIXED-LENGTH DATA ELEMENTS--GENERAL INFORMATION
fixed length control field 130211s xx 000 0 eng d
040 ## - CATALOGING SOURCE
Original cataloging agency KABU
Transcribing agency KABU
110 2# - MAIN ENTRY--CORPORATE NAME
Corporate name or jurisdiction name as entry element International Organization for Standardization [ISO]
-- 0000182946
245 10 - TITLE STATEMENT
Title !SO 14001 Environmental management systems :
Remainder of title requirements with guidance for use /
Statement of responsibility, etc. ISO.
250 ## - EDITION STATEMENT
Edition statement 2nd ed.
260 ## - PUBLICATION, DISTRIBUTION, ETC. (IMPRINT)
Place of publication, distribution, etc. Geneva :
Name of publisher, distributor, etc. ISO,
Date of publication, distribution, etc. 2004.
300 ## - PHYSICAL DESCRIPTION
Extent vii, 23 p.
650 #0 - SUBJECT ADDED ENTRY--TOPICAL TERM
Topical term or geographic name as entry element Environmental management
General subdivision Standards.
-- 0000182947
650 #0 - SUBJECT ADDED ENTRY--TOPICAL TERM
Topical term or geographic name as entry element Production management
General subdivision Environmental aspects.
-- 0000182948
852 1# - LOCATION
-- p11923 KES
908 ## - PUT COMMAND PARAMETER (RLIN)
Put command parameter 130211
950 ## - LOCAL HOLDINGS (RLIN)
-- 1
Holdings
Withdrawn status Lost status Source of classification or shelving scheme Not for loan Home library Current library Date acquired Total Checkouts Full call number Barcode Date last seen Price effective from Koha item type
    Library of Congress Classification Not For Loan Kabarak, Main Campus Kabarak, Main Campus 17/12/2015   TS155.7 .I86 2004 c. 1 014348 17/12/2015 17/12/2015 Reference